000 00943nam a2200241 a 4500
001 000023626
005 20200930022347.0
008 101215s1968 mx a r 001 0 spa d
040 _aDO-SdBNP
_bspa
_cBNPHU
041 1 7 _aspa
_heng
_2Código de idiomas MARC
082 _annnn
_bW534h
100 1 _aWeston, J. Fred,
_948686
240 1 4 _aThe scope and methodology of finance.
_lEspañol.
245 1 0 _aHorizonte y metodología de las finanzas /
_cJ. Fred Weston ; traducción de Carlos Villegas García.
260 _aMéxico :
_bHerrero Hermanos Sucesores,
_c1968.
300 _a179 p. :
_bil. ;
_c23 cm.
490 1 _aFundamentos de finanzas
500 _aIncluye índice
504 _aIncluye referencias bibliográficas y notas al pie de las páginas.
534 _pTítulo original en inglés:
_tThe scope and methodology of finance.
_cN. J., E.U.A. : Prentice Hall, 1966
830 0 _aFundamentos de finanzas
_948687
049 _aBNGR
999 _c23122
_d23122